| Tag |
First Indicator |
Second Indicator |
Subfields |
| LEADER |
00000cam a2200000 4500 |
| 001 |
in00000096745 |
| 005 |
20150925090324.0 |
| 008 |
720706s1971 nyua b 10000 eng |
| 010 |
|
|
|a 70185593
|
| 035 |
|
|
|a (OCoLC)00485960
|
| 035 |
|
|
|9 AAL2458AM
|
| 040 |
|
|
|a DLC
|c DLC
|d TXA
|d UtOrBLW
|
| 049 |
|
|
|a TXAM
|c [1024191]
|
| 050 |
0 |
0 |
|a TK7885
|b .S9 1971
|
| 082 |
0 |
|
|a 001.6/4
|
| 111 |
2 |
|
|a Symposium on Computers and Automata
|d (1971 :
|c New York)
|
| 245 |
1 |
0 |
|a Proceedings /
|c [Edited by Jerome Fox].
|
| 264 |
|
2 |
|a Brooklyn, N.Y. :
|b Polytechnic Press of the Polytechnic Institute of Brooklyn; distributors: Wiley-Interscience, New York,
|c [1971]
|
| 300 |
|
|
|a xxiv, 653 pages :
|b illustrations ;
|c 24 cm.
|
| 336 |
|
|
|a text
|b txt
|2 rdacontent
|
| 337 |
|
|
|a unmediated
|b n
|2 rdamedia
|
| 338 |
|
|
|a volume
|b nc
|2 rdacarrier
|
| 490 |
1 |
|
|a Microwave Research Institute symposia series, v. 21
|
| 500 |
|
|
|a Sponsored by the Polytechnic Institute of Brooklyn, Microwave Research Institute, and others.
|
| 504 |
|
|
|a Includes bibliographical references.
|
| 650 |
|
0 |
|a Computers
|v Congresses.
|
| 650 |
|
0 |
|a Machine theory
|v Congresses.
|
| 700 |
1 |
|
|a Fox, Jerome.
|
| 710 |
2 |
|
|a Polytechnic Institute of Brooklyn.
|b Microwave Research Institute.
|
| 830 |
|
0 |
|a Microwave Research Institute symposia series ;
|v v. 21.
|
| 999 |
|
|
|a MARS
|
| 999 |
f |
f |
|s c915cbc8-c500-3683-9fd3-b1ee2239c93f
|i 3850196d-a30c-37ef-9540-038f9d5c0915
|t 0
|
| 952 |
f |
f |
|p ric
|a Texas A&M University
|b Rellis Campus
|c Joint Library Facility
|d Remote Storage
|t 0
|e TK7885 .S9 1971
|h Library of Congress classification
|i unmediated -- volume
|m A14805511223
|
| 998 |
f |
f |
|a TK7885 .S9 1971
|t 0
|l Remote Storage
|